The kingdom of mathias: a story of sex and salvation in 19th century America (Record no. 35903)

MARC details
000 -LEADER
fixed length control field 00488nam a2200169Ia 4500
020 ## - INTERNATIONAL STANDARD BOOK NUMBER
ISBN 978- 0- 19- 509835- 8
050 ## - CALL MARK
Classification number BR 1718.M3 .J64/
100 ## - STATEMENT OF RESPONSIBILITY--MAIN AUTHOR NAME
Personal name Paul E. Johnson
245 #4 - TITLE STATEMENT
Title The kingdom of mathias: a story of sex and salvation in 19th century America
260 ## - PUBLICATION, DISTRIBUTION, ETC. (IMPRINT)
Name of publisher Oxford university press
260 ## - PUBLICATION, DISTRIBUTION, ETC. (IMPRINT)
Year of publication 1994
300 ## - PHYSICAL DESCRIPTION
Number of Pages 222 p
650 ## - SUBJECT ADDED ENTRY--TOPICAL TERM
Topical Term Kingdom of mathias (cult)- Biography
942 ## - ADDED ENTRY ELEMENTS (KOHA)
Koha item type Books
Holdings
Withdrawn status Lost status Source of classification or shelving scheme Damaged status Not for loan Permanent Location Current Location Date acquired Accession Number Price effective from Koha item type
    Library of Congress Classification     NILE UNIVERSITY OF NIGERIA - MAIN LIBRARY NILE UNIVERSITY OF NIGERIA - MAIN LIBRARY 04/23/2025 0002153 04/23/2025 Books